000 00612nam a2200193Ia 4500
005 20250701164453.0
008 008 250505s9999 xx 000 0 eng d
020 _a0-691-0704-0; 9780691070056
037 _aTextual
040 _aEASL
_beng
_cEASL
041 _aeng
_2eng
084 _aL9F:394.42, P1
_qEASL
100 _aNorgren Tiana
_9666336
245 0 _aAbortion before birth control: The politics of reproduction in postwar Japan
260 _aUK
_bOxford Princeton University Press
_c2001
300 _axiii,242p.
942 _cTEXL
_hL9F:394.42, P1
999 _c1433195
_d1433195